000 00414nam a2200157Ia 4500
008 090123s9999 xx 000 0 und d
082 _b6
100 _aबर्वे मंगला
245 _aरणांगण
250 _a0
600 _aबर्वे मंगला
630 _aरणांगण
700 _aबर्वे मंगला
730 _aरणांगण
942 _cBOOK
999 _c38096
_d38096